00847 2200265 4500001002100000005001500021035002000036007000300056008004100059020002200100082001100122084001700133100003000150245012400180250001800304260004100322300003700363500005900400650002900459700002100488700001900509504003100528990001100559990001100570INLIS00000000000333220201014100555 a0010-0619000081ta201014 g 0 ind  a978-979-592-745-7 a297.99 a297.99 MUH p0 aMUHAMMAD, Husain Mahasnah1 aPengantar Studi Sejarah Peradaban Islam /cMuhammad Husain Mahasnah; penerjemah, Muhammad Misbah; editor, Achmad Zirzis aed. Indonesia aJakarta :bPustaka Al-kautsar,c2016 axiv, 297 hlm. :bilus. ;c24 cm. aJudul asli : Adhwa ala Tarikh Al-Ulum inda Al-Muslimin 4aISLAM. SEJARAH PERADABAN0 aMUHAMMAD, Misbah0 aACHMAD, Zirzis aBibliografi : hlm. 285-297 a6734 a a6734 b